Litschau und Gmünd. Zone 10 Col. XII /
| Korporativní autor: | Rakousko-Uhersko. Militärgeographisches Institut |
|---|---|
| Další autoři: | Jersche, A., Jrlanda |
| Jazyk: | Němčina Čeština |
| Vydáno: |
[Wien] : K.u.k. Militärgeographisches Institut, 1891 |
| Edice: |
Třetí vojenské mapování 1:75 000 ;
4454, 1891 Spezialkarte der österreich-ungarischen Monarchie 1:75 000 ; 4454, 1891 |
| Témata: | |
| Externí odkaz: |
Digitalizovaný dokument
|
| Fyzický popis: |
1 mapa : černobílá ; 37 x 49 cm, na listu 47 x 59 cm |
| LEADER | 02612nem a2200589 i 4500 | ||
|---|---|---|---|
| 001 | 001507208 | ||
| 003 | CZ BrMZK | ||
| 005 | 20210120132557.0 | ||
| 007 | aj|aanzn | ||
| 008 | 160125s1891 au a 0| ger d | ||
| 034 | 1 | |a a |b 75000 |d E0145000 |e E0152000 |f N0490000 |g N0484500 | |
| 040 | |a BOA001 |b cze |e rda | ||
| 041 | 0 | |a ger |a cze | |
| 043 | |a e-xr--- |b e-xr-jc |a e-au--- | ||
| 072 | 7 | |a 623 |x Vojenská technika |2 Konspekt |9 19 | |
| 072 | 7 | |a 912 |x Mapy. Atlasy. Glóby |2 Konspekt |9 7 | |
| 080 | |a 623.64 |2 MRF | ||
| 080 | |a 913(437.319) |2 MRF | ||
| 080 | |a 913(436.2) |2 MRF | ||
| 080 | |a (084.3)528.42 |2 MRF | ||
| 080 | |a (084.3)355/359 |2 MRF | ||
| 110 | 1 | |a Rakousko-Uhersko. |b Militärgeographisches Institut |7 kn20060405003 |4 ctg |4 pbl | |
| 245 | 1 | 0 | |a Litschau und Gmünd. |p Zone 10 Col. XII / |c K.u.k. Militärgeographisches Institut ; Schrift u. Gerippe v. Feldw. Jersche ; Terrainschraffirung v. Oberlieut. Jrlanda |
| 246 | 3 | |a 4454 | |
| 246 | 3 | 0 | |a Zone 10 Col. XII |
| 255 | |a Měřítko 1:75 000 |c (E 14°50'00"--E 15°20'00"/N 49°00'00"--N 48°45'00") | ||
| 264 | 1 | |a [Wien] : |b K.u.k. Militärgeographisches Institut, |c 1891 | |
| 300 | |a 1 mapa : |b černobílá ; |c 37 x 49 cm, na listu 47 x 59 cm | ||
| 336 | |a kartografický obraz |b cri |2 rdacontent | ||
| 337 | |a bez média |b n |2 rdamedia | ||
| 338 | |a list |b nb |2 rdacarrier | ||
| 490 | 1 | |a [Die Franzisco-Josephinische Landesaufnahme 1:75 000] ; |v 4454, 1891 | |
| 490 | 1 | |a [Spezialkarte der österreich-ungarischen Monarchie im Maße 1:75 000] ; |v 4454, 1891 | |
| 500 | |a Jednobarevný otisk | ||
| 500 | |a Další údaje o vydání: 1876 | ||
| 562 | |a Rukopisná poznámka: Wankl |5 CZ-BrMZK | ||
| 650 | 7 | |a vojenská topografie |7 ph316247 |2 czenas | |
| 651 | 7 | |a České Velenice (Česko : oblast) |7 ge132313 |2 czenas | |
| 651 | 7 | |a Litschau (Rakousko : oblast) |7 ge888756 |2 czenas | |
| 651 | 7 | |a Gmünd (Rakousko : oblast) |7 ge132314 |2 czenas | |
| 655 | 7 | |a topografické mapy |7 fd809173 |2 czenas | |
| 655 | 7 | |a vojenské mapy |7 fd133817 |2 czenas | |
| 700 | 1 | |a Jersche, A. |7 mub20201065876 |4 ctg | |
| 700 | 1 | |a Jrlanda |4 ctg | |
| 787 | 0 | 8 | |t Übersichtsblatt der Spezialkarte 1:75 000 |w 1504372 |
| 830 | 0 | |a Třetí vojenské mapování 1:75 000 ; |v 4454, 1891 | |
| 830 | 0 | |a Spezialkarte der österreich-ungarischen Monarchie 1:75 000 ; |v 4454, 1891 | |
| 856 | 4 | 1 | |u http://www.digitalniknihovna.cz/mzk/uuid/uuid:ac247a69-8127-4412-857a-fcd07fee11cb |y Digitalizovaný dokument |
| 910 | |a BOA001 |b Mpa-0081.473,4454-1891 | ||
| 990 | |a MP | ||
| 991 | |b 201601 | ||
| 994 | |a PAR |l MZK01 |b 001504372 |m 4454 Litschau und Gmünd. 1891 |n Übersichtsblatt der Spezialkarte 1:75 000 | ||
English
Čeština 